书目信息 |
| 题名: |
数学演义
|
|
| 作者: | 王树和 著 ;张景中 主编 | |
| 分册: | ||
| 出版信息: | 北京 科学出版社 2008.08 |
|
| 页数: | 18, 267页 | |
| 开本: | 21cm | |
| 丛书名: | 好玩的数学 | |
| 单 册: | ||
| 中图分类: | O1-49 | |
| 科图分类: | ||
| 主题词: | 数学--shu xue--普及读物 | |
| 电子资源: | ||
| ISBN: | 978-7-03-021837-7 | |
| 000 | 00943nam 2200289 450 | |
| 001 | 012009412241 | |
| 005 | 20090427081741.76 | |
| 010 | @a978-7-03-021837-7@dCNY23.00 | |
| 100 | @a20090420d2008 em y0chi0120 ea | |
| 101 | 0 | @achi |
| 102 | @aCN@b110000 | |
| 105 | @aa a 000yy | |
| 106 | @ar | |
| 200 | 1 | @a数学演义@Ashu xue yan yi@f王树和著@Fwang shu he zhu@g张景中主编@Gzhang jing zhong zhu bian |
| 205 | @a普及版 | |
| 210 | @a北京@c科学出版社@d2008.08 | |
| 215 | @a18, 267页@c图@d21cm | |
| 225 | 2 | @a好玩的数学@Ahao wan de shu xue |
| 320 | @a有书目 (第267页) | |
| 330 | @a本书对古今中外著名的数学故事用演义文体进行了论述,例如十进制和二进制的故事和游戏、兔子序列与优选法等。 | |
| 410 | 0 | @12001 @a好玩的数学 |
| 606 | 0 | @a数学@Ashu xue@j普及读物 |
| 690 | @aO1-49@v4 | |
| 701 | 0 | @a王树和@Awang shu he@4著 |
| 702 | 0 | @a张景中@Azhang jing zhong@4主编 |
| 801 | 0 | @aCN@bQSSK@c20090427 |
| 905 | @b737363-65@dO1-49@eW352@f3 | |
| 数学演义/王树和著/张景中主编.-普及版.-北京:科学出版社,2008.08 |
| 18, 267页:图;21cm.-(好玩的数学) |
| ISBN 978-7-03-021837-7:CNY23.00 |
| 本书对古今中外著名的数学故事用演义文体进行了论述,例如十进制和二进制的故事和游戏、兔子序列与优选法等。 |
| ● |
| 相关链接 |
|
|
|
正题名:数学演义
索取号:O1-49/W352
 
预约/预借
| 序号 | 登录号 | 条形码 | 馆藏地/架位号 | 状态 | 备注 |
| 1 | 737363 | 207373634 | 自科库401/401自科库 105排5列3层/ [索取号:O1-49/W352] | 在馆 | |
| 2 | 737364 | 207373643 | 期刊室512/401自科库 105排5列3层/ [索取号:O1-49/W352] | 在馆 | |
| 3 | 737365 | 207373652 | 期刊室512/401自科库 105排5列3层/ [索取号:O1-49/W352] | 在馆 |